000 00863nam0a22002891 4500
001 rc\2123709
005 20110826160430.7
035 _a(NLR Aleph) 006534074
090 _a6565199
_c6565199
100 _a20110826d1978 |||y0rusy50 ca
101 0 _arus
102 _aRU
105 _aa z |||||
200 1 _aНа морских дорогах
210 _aМосква
_cПолитиздат
_d1978
215 _a375 с.
_cил.
_d20
606 _aМорской флот СССР
_xИстория
_2psbo
686 _aД9(941)022,0
_2rubbk
686 _aД9(912)022,0
_2rubbk
700 1 _aБадигин
_bК. С.
_f1910-1984
_gКонстантин Сергеевич
801 0 _aRU
_bNLR
_gpsbo
801 1 _aRU
_bELAR
_2rusmarc
852 _aNLR
_j78-3/5653
899 _aRuMoRGB
_jБ 78-45/66
899 _aRuMoRGB
_jБ 78-45/67
942 _cBOOK
980 _aNB